Irrigation management: Research from Southeast Asia

محفوظ في:
التفاصيل البيبلوغرافية
التنسيق: كتاب
اللغة:Undetermined
منشور في: Thailand 1981
الموضوعات:
الوسوم: إضافة وسم
لا توجد وسوم, كن أول من يضع وسما على هذه التسجيلة!
Thư viện lưu trữ: Trung tâm Học liệu Trường Đại học Cần Thơ
LEADER 00366nam a2200133Ia 4500
001 CTU_6320
008 210402s9999 xx 000 0 und d
082 |a 631.3 
082 |b I71 
245 0 |a Irrigation management: Research from Southeast Asia 
260 |a Thailand 
260 |c 1981 
650 |a irrigation 
980 |a Trung tâm Học liệu Trường Đại học Cần Thơ